States of Germany by Flag Maps - Statistics

General Stats
  • This quiz has been taken 70 times
  • The average score is 12 of 16
Answer Stats
Picture Answer % Correct
Bavaria
96%
Berlin
90%
Baden-Württemberg
87%
Hamburg
85%
Lower Saxony
81%
Saxony
81%
Brandenburg
79%
Bremen
77%
Mecklenburg-Vorpommern
73%
Hesse
71%
North Rhine-Westphalia
71%
Schleswig-Holstein
71%
Saxony-Anhalt
69%
Saarland
67%
Thuringia
67%
Rhineland-Palatinate
63%
No matching quizzes found
Score Distribution
Percent of People with Each Score
Percentile by Number Answered
Your Score History
You have not taken this quiz